00425nam a2200169Ia 450000500170000000800410001702000100005804000190006804100120008708200180009910000140011724500430013126000340017430000150020865000220022385000100024520240220093314.0131103s9999 xx 000 0 und d cRs.10 aLoreto College aEnglish a370.954 bKAU aKaul,G.N. aBetter Schools for India, cG.N.Kaul aBombaybOrient Longmansc1964 axi,236 p.  aEducation - India aLCLIB